Sociología y filosofía

Sábháilte in:
Sonraí bibleagrafaíochta
Príomhchruthaitheoir: Durkheim, Emile (Údar)
Formáid: LEABHAR
Teanga:Spáinnis
Foilsithe / Cruthaithe: Santiago Zig-Zag 1940
Sraith:Manuales
Ábhair:
Clibeanna: Cuir clib leis
Níl clibeanna ann, Bí ar an gcéad duine le clib a chur leis an taifead seo!

MARC

LEADER 00000nam a2200000 a 4500
001 UCW6460
003 CL-VaPUC
008 920114e19400000CL |||||||||||||||||spa|d
082 0 4 |a 170  |b DUR  |2 21 
100 0 |a Durkheim, Emile  |e author  |9 311492 
245 1 0 |a Sociología y filosofía 
300 |a 167 p 
942 |c BK 
945 |d 19920114 00:00:00 
260 |a Santiago  |b Zig-Zag  |c 1940 
650 0 |a Ética  |9 255099 
583 |a last modification  |c 19920114 00:00:00  |k Rodrigo Vera 
490 0 |a Manuales 
999 |c 219514  |d 219512 
952 |0 0  |1 0  |4 0  |6 170_000000000000000_DUR_1940  |7 0  |8 P  |9 210524  |a BIBEDU  |b BIBEDU  |c BIBEDU_PB  |d 2019-11-15  |i 2786613  |o 170 DUR 1940  |p 2786613  |r 2024-01-25  |w 2019-11-15  |y BK  |k EDU